Normal view
MARC view
- Khan, Engr Kamran
Entry Personal Name
001 - CONTROL NUMBER
- control field: 96783
003 - CONTROL NUMBER IDENTIFIER
- control field: NUST
005 - DATE AND TIME OF LATEST TRANSACTION
- control field: 20220811092003.0
008 - FIXED-LENGTH DATA ELEMENTS
- fixed length control field: 220811|| aca||aabn | a|a d
040 ## - CATALOGING SOURCE
- Original cataloging agency: NUST
- Transcribing agency: NUST
100 ## - HEADING--PERSONAL NAME
- Personal name: Khan, Engr Kamran
670 ## - SOURCE DATA FOUND
- Source citation: Work cat.: (NUST): Khan, Engr Kamran , Optimal Charging Provision to Electric Transport by Smart Home /
